000 01063nam a22002657a 4500
999 _c63493
_d63493
005 20240530110644.0
008 171105s2016 ua ak g b 000 0 ara d
017 _a2016/21861
_bمصر. دار الكتب
020 _a9789777220361
040 _aEG-CaGPL
_cEG-CaGPL
082 0 4 _221
_a658.3124 /
_bع ت
100 0 _aعبدالله محمد اسعد
245 1 0 _aتدريب المدربين :
_bطريقك لاحتراف التدريب : منهج تطبيقى TOT /
_cتاليف عبدالله محمد اسعد
250 _aط.1
260 _aالقاهرة :
_bالمجموعة العربية للتدريب و النشر ،
_c2016.
300 _a257 ص. :
_bايض ؛
_c24 سم.
504 _aيشتمل على ارجاعات ببليوجرافية
650 0 7 _2qrmak
_aالتدريب
650 0 7 _2qrmak
_aالتنمية البشرية
650 0 7 _2qrmak
_aالدورات التدريبية
650 0 7 _2qrmak
_aالتدريب اثناء الخدمة
651 _2qrmak
942 _2ddc
_cBK